000 00296nam a22001457a 4500
008 210303b ||||| |||| 00| 0 eng d
020 _a9781285122489
041 _aeng
080 _a51
082 _a51
100 _a36
101 _aMAT
245 _aMath 040
_cTussy, A.S
942 _2udc
_cBK
999 _c55659
_d55659